| 000 | 00445nam a2200157 i 4500 | ||
|---|---|---|---|
| 001 | 74454 | ||
| 003 | ES-MaACL | ||
| 005 | 20230906172135.0 | ||
| 007 | t| | ||
| 008 | 040920s1968 sp ||||1| spa d | ||
| 100 | 1 |
_aGonzález Mas, Carmen. _958796 |
|
| 245 | 1 | 0 |
_aJuana, la más loca / _cCarmen González Mas. |
| 260 |
_a[Madrid : _bs.n., _c1968] ( _fTipografía Artística) |
||
| 300 |
_a51 p. ; _c19 cm. |
||
| 852 |
_aES-MaACL _jC-35293 _bR.67808 |
||
| 999 |
_c74454 _d74454 |
||